| 000 | 00400nam a2200169Ia 4500 | ||
|---|---|---|---|
| 008 | 221030s9999 xx 000 0 und d | ||
| 020 | _a8120351608 | ||
| 041 | _aEnglish | ||
| 100 | _aR. Sofat | ||
| 245 | 0 |
_aStrategic Financial Management _cby R. Sofat, P. Hiro |
|
| 250 | _a2nd | ||
| 260 |
_bPHI _aNew Delhi _c2016 |
||
| 300 | _a434 | ||
| 650 | _aManagement | ||
| 700 | _aP. Hiro | ||
| 942 | _cBK | ||
| 999 |
_c15983 _d15983 |
||